Going Green (Record no. 114404)

MARC details
000 -LEADER
fixed length control field 00992cad a22002175a 4500
001 - CONTROL NUMBER
control field L156765
008 - FIXED-LENGTH DATA ELEMENTS--GENERAL INFORMATION
fixed length control field 120710s2012 xxk f 000 0 eng d
035 ## - SYSTEM CONTROL NUMBER
System control number (Sirsi) u156765
041 0# - LANGUAGE CODE
Language code of text/sound track or separate title eng
110 2# - MAIN ENTRY--CORPORATE NAME
Corporate name or jurisdiction name as entry element London School of Economics
9 (RLIN) 1264
245 00 - TITLE STATEMENT
Title Going Green
Remainder of title How cities are leading the next economy
Medium [electronic resource]
260 ## - PUBLICATION, DISTRIBUTION, ETC.
Place of publication, distribution, etc. London
Name of publisher, distributor, etc. LSE
Date of publication, distribution, etc. 2012
520 ## - SUMMARY, ETC.
Summary, etc. Investigates the extent to which cities have successfully integrated green policies since the last United Nations Conference on Sustainable Development in 1992. The report provides preliminary results from an analysis of 53 cities that responded to the survey ahead of Rio+20.
590 ## - LOCAL NOTE (RLIN)
Local note KA NTK
651 #4 - SUBJECT ADDED ENTRY--GEOGRAPHIC NAME
Geographic name International
690 ## - LOCAL SUBJECT ADDED ENTRY--TOPICAL TERM (OCLC, RLIN)
Topical term or geographic name as entry element Sustainability
9 (RLIN) 6271
690 ## - LOCAL SUBJECT ADDED ENTRY--TOPICAL TERM (OCLC, RLIN)
Topical term or geographic name as entry element Energy
9 (RLIN) 6237
700 1# - ADDED ENTRY--PERSONAL NAME
Personal name Local Governments for Sustainability
856 40 - ELECTRONIC LOCATION AND ACCESS
Uniform Resource Identifier <a href="https://www.iclei.org/fileadmin/user_upload/documents/Global/Publications/goinggreen.pdf">https://www.iclei.org/fileadmin/user_upload/documents/Global/Publications/goinggreen.pdf</a>
Public note View the item free of charge at www.iclei.org
942 ## - ADDED ENTRY ELEMENTS (KOHA)
Suppress in OPAC 0
Holdings
Withdrawn status Lost status Source of classification or shelving scheme Damaged status Not for loan Home library Current library Shelving location Date acquired Total Checkouts Full call number Barcode Date last seen Copy number Price effective from Koha item type
    Dewey Decimal Classification     Virtual Virtual Online 10/07/2012   ONLINE PUBLICATION 156765-2001 06/08/2019 1 06/08/2019 Book